[Event "Olimpiade 2014 - Open"]
[Site "Tromsø"]
[Date "06.08.2014"]
[Round "5.35"]
[Board "2"]
[White "Rohl Montes, Juan Armando"]
[Black "Galappaththi, Chinthaka Anuruddh"]
[Result "1/2-1/2"]
[WhiteTitle "IM"]
[BlackTitle "CM"]
[WhiteElo "2390"]
[BlackElo "2125"]
[WhiteTeam "Venezuela"]
[BlackTeam "Sri Lanka"]
[WhiteFideId "3900487"]
[BlackFideId "9900438"]
[EventDate "2014.08.02"]

1. e4 e6 2. d4 d5 3. e5 c5 4. c3 Nc6 5. Nf3 Bd7 6. Be2 Qb6 7. O-O cxd4 8. cxd4
Nge7 9. Na3 Nf5 10. Nc2 Be7 11. Rb1 a5 12. b3 Rc8 13. g4 Nh4 14. Nxh4 Bxh4 15.
Be3 Be7 16. a3 Na7 17. b4 a4 18. b5 Rc3 19. Qd2 Rb3 20. Rxb3 axb3 21. Na1 Bxb5
22. Rb1 Bxe2 23. Qxe2 O-O 24. Rxb3 Qc7 25. Qb2 Rb8 26. Rc3 Nc6 27. Nc2 Qd8 28.
a4 Na5 29. Qb5 h6 30. Bc1 Nc4 31. Ne3 1/2-1/2

[Event "Olimpiade 2014 - Open"]
[Site "Tromsø"]
[Date "06.08.2014"]
[Round "5.35"]
[Board "3"]
[White "Perera, W C C"]
[Black "Guerrero Vargas, Andres"]
[Result "1-0"]
[WhiteTitle "CM"]
[BlackTitle "FM"]
[WhiteElo "2081"]
[BlackElo "2318"]
[WhiteTeam "Sri Lanka"]
[BlackTeam "Venezuela"]
[WhiteFideId "9902600"]
[BlackFideId "3902048"]
[EventDate "2014.08.02"]

1. d4 Nf6 2. c4 e6 3. Nf3 c5 4. d5 exd5 5. cxd5 g6 6. Nc3 d6 7. g3 Bg7 8. Bg2
O-O 9. O-O Re8 10. Re1 a6 11. a4 Nbd7 12. e4 Rb8 13. Bf4 Ne5 14. Nxe5 dxe5 15.
Be3 Bf8 16. a5 Ng4 17. Bd2 f5 18. f3 Nf6 19. Na4 fxe4 20. fxe4 Bd7 21. Nb6 Bb5
22. b3 Be7 23. Nc4 Bxc4 24. bxc4 Qd7 25. Ra3 Rf8 26. Bh6 Rf7 27. Rf1 Bf8 28. Bd2
Ne8 29. Rxf7 Kxf7 30. Qf1+ Kg8 31. Bh3 Qe7 32. Be6+ Kg7 33. Rf3 Nd6 34. Bc3 Kh8
35. Rxf8+ 1-0

[Event "Olimpiade 2014 - Open"]
[Site "Tromsø"]
[Date "06.08.2014"]
[Round "5.35"]
[Board "4"]
[White "Castro, Jose Luis"]
[Black "Alahakoon, Isuru"]
[Result "1-0"]
[WhiteTitle "FM"]
[WhiteElo "2313"]
[BlackElo "2120"]
[WhiteTeam "Venezuela"]
[BlackTeam "Sri Lanka"]
[WhiteFideId "3901831"]
[BlackFideId "9900993"]
[EventDate "2014.08.02"]

1. e4 c5 2. Nf3 d6 3. d4 cxd4 4. Nxd4 Nf6 5. Nc3 a6 6. Be3 e5 7. Nb3 Be7 8. h3
Be6 9. Qf3 O-O 10. O-O-O a5 11. Bb5 Na6 12. Kb1 Nc7 13. Bb6 Nd7 14. Bxc7 Qxc7
15. Nd5 Bxd5 16. Rxd5 a4 17. Nd2 Nb6 18. Rd3 Qc5 19. c4 Bg5 20. Qe2 f5 21. Nf3
Be7 22. exf5 Rxf5 23. Qe4 Raf8 24. Qxb7 d5 25. Re3 e4 26. cxd5 Qxb5 27. Nd4 Qxd5
28. Qxb6 Bc5 29. Nxf5 Qxf5 30. Qb5 Bxe3 31. Qxf5 Rxf5 32. fxe3 Rf2 33. Rd1 Re2
34. Rd4 a3 35. bxa3 Rxe3 36. a4 Kf7 37. a5 Ra3 38. Rxe4 Rxa5 39. a4 Rf5 40. Re2
h5 41. Kb2 g5 42. Kb3 Kg6 43. Ra2 Ra5 44. Kb4 Ra8 45. a5 Kf5 46. a6 Ke4 47. a7
Ke3 48. Kc5 g4 49. hxg4 hxg4 50. Kb6 1-0

[Event "Olimpiade 2014 - Open"]
[Site "Tromsø"]
[Date "06.08.2014"]
[Round "5.36"]
[Board "1"]
[White "Batchuluun, Tsegmed"]
[Black "Amonatov, Farrukh"]
[Result "1/2-1/2"]
[WhiteTitle "GM"]
[BlackTitle "GM"]
[WhiteElo "2513"]
[BlackElo "2590"]
[WhiteTeam "Mongolia"]
[BlackTeam "Tajikistan"]
[WhiteFideId "4900847"]
[BlackFideId "14700077"]
[EventDate "2014.08.02"]

1. d4 g6 2. e4 d6 3. c4 Bg7 4. Nc3 Nc6 5. Be3 e5 6. d5 Nce7 7. Bd3 f5 8. exf5
Nxf5 9. Bxf5 Bxf5 10. Nge2 Nf6 11. Ng3 O-O 12. f3 e4 13. Nxf5 gxf5 14. O-O exf3
15. Rxf3 Ng4 16. Bf4 Ne5 17. Rg3 Qf6 18. Bg5 Qf7 19. Ne2 Ng6 20. Qd2 Rae8 21.
Rf1 Re4 22. b3 Rfe8 23. Nf4 Nxf4 24. Bxf4 Kh8 25. Qd3 a6 26. a4 b5 27. axb5 axb5
28. Bc1 bxc4 29. bxc4 f4 30. Rgf3 Rd4 1/2-1/2

[Event "Olimpiade 2014 - Open"]
[Site "Tromsø"]
[Date "06.08.2014"]
[Round "5.36"]
[Board "2"]
[White "Khusenkhojaev, Muhammad"]
[Black "Khatanbaatar, Bazar"]
[Result "1/2-1/2"]
[WhiteTitle "IM"]
[BlackTitle "GM"]
[WhiteElo "2410"]
[BlackElo "2390"]
[WhiteTeam "Tajikistan"]
[BlackTeam "Mongolia"]
[WhiteFideId "14700247"]
[BlackFideId "4900332"]
[EventDate "2014.08.02"]

1. Nf3 c5 2. c4 Nf6 3. Nc3 b6 4. g3 Bb7 5. Bg2 g6 6. O-O Bg7 7. d4 cxd4 8. Qxd4
O-O 9. Qh4 d6 10. Be3 Nbd7 11. Rac1 Rc8 12. Rfd1 Re8 13. b3 a6 14. g4 Rc7 15. g5
Nh5 16. Nd5 Rc8 17. Nd4 Ba8 18. Bf3 e6 19. Nc3 Bxf3 20. Nxf3 d5 21. Nb1 dxc4 22.
Rxc4 b5 23. Rxc8 Qxc8 24. Qe4 e5 25. Rc1 Qa8 26. Nc3 f5 27. gxf6 Nhxf6 28. Qxa8
Rxa8 29. Rd1 h6 30. Nd5 e4 31. Nxf6+ Nxf6 32. Ne5 g5 33. Nc6 Bf8 34. Rc1 Nd5 35.
Nd4 b4 36. Rc6 a5 37. Nf5 Nc3 38. Nxh6+ Bxh6 39. Rxh6 Nxe2+ 40. Kf1 Nc3 41. Bd4
Kf7 42. Bxc3 bxc3 43. Rc6 a4 44. b4 Rh8 45. Rxc3 Rxh2 46. Ra3 Rh1+ 47. Ke2 Rb1
48. Rxa4 Kf6 49. Ke3 Re1+ 50. Kd4 e3 51. fxe3 g4 52. Ra8 Kf7 53. Ke4 Rf1 54.
Ra7+ Kg6 55. Rc7 g3 56. Rc2 Rf2 57. Rc1 Rxa2 58. Rg1 Rb2 59. Rxg3+ Kf6 60. Kd5
Rxb4 61. Rf3+ Ke7 62. Rh3 Rb5+ 63. Ke4 Ke6 64. Rh6+ Ke7 65. Kf4 Ra5 66. Rg6 Rb5
67. Rg5 Rxg5 68. Kxg5 Ke6 69. Kf4 Kf6 70. e4 Ke6 71. e5 Ke7 72. Kf5 Kf7 73. e6+
Ke7 74. Ke5 Ke8 75. Kd5 Ke7 76. Ke5 Ke8 77. Kf6 Kf8 78. e7+ Ke8 79. Ke6 1/2-1/2

[Event "Olimpiade 2014 - Open"]
[Site "Tromsø"]
[Date "06.08.2014"]
[Round "5.36"]
[Board "3"]
[White "Battulga, Namkhai"]
[Black "Isaev, Jamshed"]
[Result "1/2-1/2"]
[WhiteTitle "IM"]
[BlackTitle "IM"]
[WhiteElo "2411"]
[BlackElo "2337"]
[WhiteTeam "Mongolia"]
[BlackTeam "Tajikistan"]
[WhiteFideId "4900880"]
[BlackFideId "14700050"]
[EventDate "2014.08.02"]

1. e4 e5 2. Nf3 Nc6 3. Bb5 a6 4. Ba4 Nf6 5. d3 b5 6. Bb3 Bc5 7. a4 Bb7 8. Nc3 b4
9. Nd5 h6 10. a5 O-O 11. Ra4 Rb8 12. Bd2 Nxd5 13. Bxd5 Qf6 14. Bc4 Ne7 15. O-O
d5 16. exd5 Nxd5 17. Bxd5 Bxd5 18. Be3 Bd6 19. Nd2 Qh4 20. c4 Bc6 21. Ra1 Rbd8
22. Qb3 Be7 23. f3 Ba8 24. Ne4 f5 25. Bf2 Qh5 26. Ng3 Qf7 27. Rfe1 Bd6 28. Nxf5
Qxf5 29. c5+ Kh8 30. cxd6 Rxd6 31. Qxb4 Rxd3 32. Rxe5 Qf7 33. Re7 Qd5 34. Rd7
Qxd7 35. Qxf8+ Kh7 36. Re1 Qd5 37. b4 Rd1 38. Qe7 Rxe1+ 39. Qxe1 Qc4 40. h4 Bd5
41. Qe5 Bg8 42. Bd4 Qf7 43. Bc3 h5 44. f4 c6 45. f5 Kh8 46. f6 gxf6 47. Qg5 Kh7
48. Bxf6 Qg6 49. Qe5 Bd5 50. Qe7+ Qf7 51. Qd8 Qg8 52. Qc7+ Qf7 53. Qf4 Qg6 54.
Qc7+ Qf7 55. Qf4 Qg6 56. Qc7+ Qf7 57. Qd8 Qg8 58. Qe7+ Qf7 59. Qxf7+ Bxf7 60.
Kf2 Kg6 61. Bg5 Kf5 62. Ke3 Bc4 63. Kd4 Bb5 64. g3 Kg4 65. Bf4 Kf5 1/2-1/2

[Event "Olimpiade 2014 - Open"]
[Site "Tromsø"]
[Date "06.08.2014"]
[Round "5.36"]
[Board "4"]
[White "Kabilov, Amin"]
[Black "Munkhgal, Gombosuren"]
[Result "0-1"]
[BlackTitle "IM"]
[WhiteElo "2181"]
[BlackElo "2418"]
[WhiteTeam "Tajikistan"]
[BlackTeam "Mongolia"]
[WhiteFideId "14700859"]
[BlackFideId "4901266"]
[EventDate "2014.08.02"]

1. e4 e6 2. d3 c5 3. Nf3 Nc6 4. g3 g6 5. d4 Bg7 6. dxc5 Qa5+ 7. c3 Qxc5 8. Be3
Qe7 9. Bg2 Nf6 10. Nd4 d5 11. Nd2 O-O 12. O-O Rd8 13. Nxc6 bxc6 14. Qa4 Bb7 15.
Qa5 Nd7 16. Nb3 Ne5 17. Bc5 Qd7 18. Nd2 Nd3 19. Ba3 c5 20. Bxc5 Nxb2 21. Rab1
Nd3 22. Bd4 e5 23. Be3 h6 24. Rxb7 Qxb7 25. exd5 f5 26. Rb1 Qf7 27. d6 e4 28.
Nxe4 Rab8 29. Rxb8 Rxb8 30. Nd2 Kh7 31. Qxa7 Qxa7 32. Bxa7 Rd8 33. Nc4 Ne5 34.
Bb6 Rd7 35. Ne3 Rxd6 36. Bc7 Rd2 37. a4 Ra2 38. a5 Nd3 39. Nd5 Rxf2 40. Bb6 Ra2
41. Nc7 Bxc3 42. a6 Ba5 43. Bd4 Bxc7 44. a7 Be5 45. Bxe5 Rxa7 46. Bd4 Ra4 47.
Bf6 Nc5 48. Kf1 Ne4 49. Be5 Ra2 50. h3 g5 51. Kg1 Ra5 52. Bc7 Ra1+ 53. Kh2 Ra2
54. Kg1 Kg6 55. Bf1 Rd2 56. Be5 Rd5 57. Bc7 h5 58. Bb8 Rc5 59. Kg2 Kf6 60. Bd3
Rc3 61. Be2 Rc2 62. Kf1 Rc8 63. Ba7 Nxg3+ 64. Kf2 Nxe2 65. Kxe2 f4 66. Kf3 Kf5
67. Bf2 g4+ 68. hxg4+ hxg4+ 69. Kg2 Rc2 70. Kg1 g3 71. Ba7 f3 72. Bb8 Rc1# 0-1

[Event "Olimpiade 2014 - Open"]
[Site "Tromsø"]
[Date "06.08.2014"]
[Round "5.37"]
[Board "1"]
[White "Iyti, Basher"]
[Black "Rodgaard, John"]
[Result "1-0"]
[WhiteTitle "IM"]
[BlackTitle "IM"]
[WhiteElo "2263"]
[BlackElo "2361"]
[WhiteTeam "Syria"]
[BlackTeam "Faroe Isles"]
[WhiteFideId "7601875"]
[BlackFideId "7200013"]
[EventDate "2014.08.02"]

1. d4 d5 2. Nf3 Nf6 3. c4 e6 4. e3 Be7 5. Nbd2 O-O 6. Bd3 b6 7. O-O Bb7 8. b3
Nbd7 9. Qc2 c5 10. Bb2 Rc8 11. e4 dxe4 12. Nxe4 b5 13. dxc5 bxc4 14. bxc4 Bxe4
15. Bxe4 Nxe4 16. Qxe4 Bf6 17. Bxf6 Nxf6 18. Qe3 Qa5 19. Nd2 Qxc5 20. Qxc5 Rxc5
21. Rfc1 Rfc8 22. Rab1 g5 23. Rc2 Nd5 24. Kf1 Kg7 25. g3 Nb6 26. Rbc1 f5 27. Ke2
Kf6 28. Kd3 Rd8+ 29. Kc3 Rdc8 30. Kd3 Rd8+ 31. Kc3 a5 32. a3 g4 33. Kb2 Rdc8 34.
Kb3 e5 35. Ka2 e4 36. Kb3 Ke5 37. Ka2 h5 38. Kb3 h4 39. gxh4 Kf4 40. Rc3 Rh8 41.
h3 Rxh4 42. hxg4 Rxg4 43. Rh3 Nd7 44. Rf1 Rg2 45. Kc3 Rc6 46. Rh4+ Ke5 47. Nb3
Rd6 48. Nxa5 Rd3+ 49. Kb4 Rd2 50. f4+ Ke6 51. Rh6+ Nf6 52. Nb3 Rb2 53. Ka4 Rbf2
54. Nd4+ Kf7 55. Rb1 Rb2 56. Rxb2 Rxb2 57. Nxf5 Nd7 58. Rc6 Re2 59. Rc7 Ke8 60.
Kb5 Kd8 61. Ra7 e3 62. Kc6 Nb8+ 63. Kc5 Re1 64. Nd4 e2 65. Rh7 Nd7+ 66. Kd6 Kc8
67. Nxe2 Nb6 68. Kc6 Nxc4 69. Rh8# 1-0

[Event "Olimpiade 2014 - Open"]
[Site "Tromsø"]
[Date "06.08.2014"]
[Round "5.37"]
[Board "2"]
[White "Berg, Olaf"]
[Black "Omrani, Hasan"]
[Result "1-0"]
[WhiteTitle "FM"]
[WhiteElo "2320"]
[BlackElo "2085"]
[WhiteTeam "Faroe Isles"]
[BlackTeam "Syria"]
[WhiteFideId "7200420"]
[BlackFideId "7601735"]
[EventDate "2014.08.02"]

1. e4 c6 2. Nf3 g6 3. d4 Bg7 4. Nc3 d6 5. Bc4 Nf6 6. Bb3 O-O 7. h3 Qc7 8. Bg5 e5
9. Qd2 b5 10. a3 a6 11. dxe5 dxe5 12. O-O-O Nbd7 13. Qe3 Re8 14. Nh2 Nf8 15. Qf3
Nh5 16. Ng4 Be6 17. Nd5 cxd5 18. exd5 e4 19. Qe3 Bxg4 20. hxg4 Qe5 21. gxh5
Qxb2+ 22. Kd2 Rac8 23. Ke1 a5 24. d6 a4 25. Bd5 Qxc2 26. Qa7 Ne6 27. Bd2 Bc3 28.
hxg6 hxg6 29. d7 Bxd2+ 30. Rxd2 Qc1+ 31. Rd1 Qc3+ 32. Kf1 Qc2 33. Ke1 Qc3+ 34.
Rd2 Qc1+ 35. Rd1 Qc3+ 36. Kf1 Qc2 37. dxe8=Q+ Rxe8 38. Re1 Qd3+ 39. Kg1 Qxd5 40.
Qe3 Ng5 41. Qc3 Nh7 42. Qh3 Qh5 43. Qxh5 gxh5 44. Rxh5 Nf6 45. Rxb5 Ra8 46. Reb1
Kg7 47. Rb8 Ra5 48. R1b5 Ra6 49. R8b6 Ra7 50. Rg5+ Kh6 51. Rf5 1-0

[Event "Olimpiade 2014 - Open"]
[Site "Tromsø"]
[Date "06.08.2014"]
[Round "5.37"]
[Board "3"]
[White "Akhras, Khaled"]
[Black "Nielsen, Hogni Egilstoft"]
[Result "0-1"]
[WhiteElo "2246"]
[BlackElo "2256"]
[WhiteTeam "Syria"]
[BlackTeam "Faroe Isles"]
[WhiteFideId "7600909"]
[BlackFideId "7200404"]
[EventDate "2014.08.02"]

1. d4 Nf6 2. Nf3 g6 3. c4 Bg7 4. Nc3 O-O 5. e4 d6 6. Be2 e5 7. dxe5 dxe5 8. Be3
Qe7 9. O-O c6 10. Qc1 Na6 11. h3 Nc5 12. Nd2 h6 13. Rd1 g5 14. Bxc5 Qxc5 15. Nb3
Qe7 16. g4 Be6 17. Qe3 b6 18. Nd2 Rfd8 19. c5 b5 20. Nf3 Nh7 21. b4 Nf8 22. Rxd8
Rxd8 23. a4 a6 24. axb5 axb5 25. Rd1 Ng6 26. Bf1 Nf4 27. Rxd8+ Qxd8 28. Qd2 Qc8
29. Ne1 Bc4 30. Bxc4 bxc4 31. Kh2 h5 32. f3 Qa8 33. Nc2 hxg4 34. hxg4 Kh7 35.
Qd7 Qh8 36. Kg3 f6 37. Nd1 Kg8 38. Qe8+ Bf8 0-1

[Event "Olimpiade 2014 - Open"]
[Site "Tromsø"]
[Date "06.08.2014"]
[Round "5.37"]
[Board "4"]
[White "Nilssen, John Arni"]
[Black "Al-Tarbosh, Ward"]
[Result "1-0"]
[WhiteTitle "IM"]
[BlackTitle "FM"]
[WhiteElo "2322"]
[BlackElo "2272"]
[WhiteTeam "Faroe Isles"]
[BlackTeam "Syria"]
[WhiteFideId "7200137"]
[BlackFideId "7601450"]
[EventDate "2014.08.02"]

1. d4 Nf6 2. c4 e6 3. Nc3 Bb4 4. Nf3 O-O 5. Bg5 h6 6. Bh4 g5 7. Bg3 Ne4 8. Qc2
f5 9. e3 d6 10. Bd3 Nf6 11. h3 b6 12. O-O-O Bxc3 13. Qxc3 Nbd7 14. Nd2 Qe7 15.
Kb1 Bb7 16. f3 b5 17. Bf2 bxc4 18. Nxc4 Rab8 19. Qa3 Bd5 20. Rc1 c5 21. Bg3 f4
22. exf4 Nh5 23. Bf2 Nxf4 24. Ne3 Bc6 25. h4 Qg7 26. hxg5 Rxb2+ 27. Kxb2 Qxd4+
28. Kc2 Ne5 29. Ng4 Qxd3+ 30. Qxd3 Nexd3 31. Rb1 hxg5 32. Rh2 Nb4+ 33. Kd2 Nxa2
34. Rbh1 Ng6 35. Be3 Rb8 36. Bxg5 Rb2+ 37. Ke1 Rb1+ 38. Kf2 Rxh1 39. Rxh1 Nf8
40. Ra1 Nb4 41. Rxa7 Nd5 42. Nh6+ Kh8 43. Nf7+ Kg8 44. Nxd6 Nd7 45. Nc4 Bb5 46.
Be3 Nc3 47. Bd2 Nd5 48. g4 Bxc4 49. Rxd7 Bb5 50. Rb7 Bd3 51. Kg3 c4 52. Kh4 c3
53. Bxc3 Be2 54. Be5 Bxf3 55. Rb3 Be4 56. Kh5 Kf7 57. Rb7+ Ne7 58. Rb4 Bd3 59.
Bd6 Nd5 60. Rb7+ Kg8 61. Kh6 e5 62. Rg7+ Kh8 63. Bxe5 1-0

[Event "Olimpiade 2014 - Open"]
[Site "Tromsø"]
[Date "06.08.2014"]
[Round "5.38"]
[Board "1"]
[White "Zhang, Zhong"]
[Black "Munoz Santana, Jose Lisandro"]
[Result "1-0"]
[WhiteTitle "GM"]
[BlackTitle "IM"]
[WhiteElo "2611"]
[BlackElo "2438"]
[WhiteTeam "Singapore"]
[BlackTeam "Dominican Republic"]
[WhiteFideId "8600694"]
[BlackFideId "6400361"]
[EventDate "2014.08.02"]

1. e4 Nf6 2. d3 c5 3. f4 Nc6 4. Nf3 g6 5. g3 Bg7 6. Bg2 O-O 7. O-O d6 8. h3 c4
9. Nc3 cxd3 10. cxd3 Qb6+ 11. Kh2 e5 12. f5 d5 13. fxg6 hxg6 14. exd5 Nb4 15.
Nxe5 Nh5 16. d4 Bf5 17. Rxf5 gxf5 18. Qxh5 Qxd4 19. Nf3 Qf6 20. Nh4 Nc2 21. Bg5
Qe5 22. Bf4 Qf6 23. Nxf5 Rfe8 24. Rf1 Re1 25. d6 Rxf1 26. Bxf1 Ne1 27. Nxg7 Kxg7
28. Qe2 Qe6 29. Qxe6 fxe6 30. Be2 1-0

[Event "Olimpiade 2014 - Open"]
[Site "Tromsø"]
[Date "06.08.2014"]
[Round "5.38"]
[Board "2"]
[White "Puntier Andujar, William Staling"]
[Black "Goh, Wei Ming Kevin"]
[Result "0-1"]
[WhiteTitle "FM"]
[BlackTitle "IM"]
[WhiteElo "2333"]
[BlackElo "2433"]
[WhiteTeam "Dominican Republic"]
[BlackTeam "Singapore"]
[WhiteFideId "6400299"]
[BlackFideId "5800706"]
[EventDate "2014.08.02"]

1. e4 e6 2. d4 d5 3. e5 c5 4. c3 Nc6 5. Nf3 Nh6 6. Bd3 f6 7. O-O Nf7 8. Re1 c4
9. Bf1 fxe5 10. dxe5 g5 11. b3 cxb3 12. Nd4 Bg7 13. Qh5 Nxe5 14. Bb5+ Kf8 15.
axb3 Qf6 16. Nd2 Ng6 17. g3 e5 18. N2f3 h6 19. c4 Kg8 20. Nc2 d4 21. Nb4 Nd6 22.
Nd5 Qf7 23. Nb6 Rb8 24. Nxc8 Rxc8 25. Qg4 Rf8 26. Kg2 h5 0-1

[Event "Olimpiade 2014 - Open"]
[Site "Tromsø"]
[Date "06.08.2014"]
[Round "5.38"]
[Board "3"]
[White "Tin, Jingyao"]
[Black "Abreu Jean, Carlos Paul"]
[Result "0-1"]
[WhiteTitle "FM"]
[BlackTitle "FM"]
[WhiteElo "2251"]
[BlackElo "2286"]
[WhiteTeam "Singapore"]
[BlackTeam "Dominican Republic"]
[WhiteFideId "5804418"]
[BlackFideId "6405525"]
[EventDate "2014.08.02"]

1. d4 Nf6 2. c4 c5 3. d5 b5 4. cxb5 a6 5. bxa6 g6 6. Nc3 Bxa6 7. g3 d6 8. Bg2
Bg7 9. Nf3 Nfd7 10. O-O Nb6 11. Qc2 N8d7 12. Rd1 O-O 13. Rb1 Nc4 14. b3 Qa5 15.
bxc4 Qxc3 16. Qxc3 Bxc3 17. Bh6 Rfb8 18. Bg5 Kf8 19. Rbc1 Bg7 20. Rc2 Rb4 21.
Rdc1 Nb6 22. Nd2 h6 23. Be3 Bc8 24. Be4 Rba4 25. Rb1 Nd7 26. Nb3 Rxa2 27. Rxa2
Rxa2 28. Bd3 Kg8 29. Bd2 Kh7 30. f4 Nb6 31. Be1 Na4 32. Na5 Bd4+ 33. Bf2 Nc3 34.
Rb8 Bh3 35. Bxd4 cxd4 36. Nb3 Nxe2+ 37. Kh1 Rb2 38. Rb7 Nc1 0-1

[Event "Olimpiade 2014 - Open"]
[Site "Tromsø"]
[Date "06.08.2014"]
[Round "5.38"]
[Board "4"]
[White "Michelen Rodriguez, Victor Isaac"]
[Black "Lee, Qing Aun"]
[Result "1-0"]
[WhiteElo "2239"]
[BlackElo "1893"]
[WhiteTeam "Dominican Republic"]
[BlackTeam "Singapore"]
[WhiteFideId "6401317"]
[BlackFideId "5804167"]
[EventDate "2014.08.02"]

1. c4 c5 2. Nc3 Nc6 3. g3 g6 4. Bg2 Bg7 5. e4 e5 6. Nge2 Nge7 7. O-O O-O 8. d3
d6 9. a3 f5 10. f3 Be6 11. Nd5 h6 12. Rb1 Nd4 13. Nxd4 cxd4 14. Nxe7+ Qxe7 15.
exf5 gxf5 16. f4 Rac8 17. b3 Qf7 18. a4 Rfd8 19. Qe2 a6 20. a5 Rc5 21. Qe1 Re8
22. Ba3 Rcc8 23. Bxd6 exf4 24. Bxf4 Bxc4 25. bxc4 Rxe1 26. Rfxe1 Qh5 27. Bd5+
Kh8 28. Re7 Rd8 29. Rbxb7 Qd1+ 30. Kg2 Qxd3 31. Bxh6 Rxd5 32. Bxg7+ Kg8 33. Re8+
Kh7 34. Rh8+ Kg6 35. Rh6+ Kg5 36. h4+ Kg4 37. Rg6+ 1-0

[Event "Olimpiade 2014 - Open"]
[Site "Tromsø"]
[Date "06.08.2014"]
[Round "5.39"]
[Board "1"]
[White "Rajaonarison, Faniry"]
[Black "Mandizha, Farai"]
[Result "0-1"]
[WhiteTitle "CM"]
[BlackTitle "IM"]
[WhiteElo "2112"]
[BlackElo "2388"]
[WhiteTeam "Madagascar"]
[BlackTeam "Zimbabwe"]
[WhiteFideId "13100424"]
[BlackFideId "11000430"]
[EventDate "2014.08.02"]

1. e4 c5 2. Nf3 a6 3. Nc3 b5 4. a3 Bb7 5. d3 g6 6. g3 Bg7 7. Bg2 Nc6 8. O-O e6
9. Re1 d6 10. Be3 Nd4 11. Bxd4 cxd4 12. Ne2 Qb6 13. Nf4 Ne7 14. e5 O-O 15. exd6
Qxd6 16. a4 Qb4 17. Ra3 Rac8 18. axb5 Qxb2 19. Rb3 Qxc2 20. Qxc2 Rxc2 21. Nxd4
Bxd4 22. Bxb7 Bxf2+ 23. Kf1 Bxe1 24. Kxe1 axb5 25. Rxb5 Rb8 0-1

[Event "Olimpiade 2014 - Open"]
[Site "Tromsø"]
[Date "06.08.2014"]
[Round "5.39"]
[Board "2"]
[White "Makoto, Rodwell"]
[Black "Rakotomaharo, Fy Antenaina"]
[Result "1-0"]
[WhiteTitle "IM"]
[BlackTitle "CM"]
[WhiteElo "2279"]
[BlackElo "2253"]
[WhiteTeam "Zimbabwe"]
[BlackTeam "Madagascar"]
[WhiteFideId "11000120"]
[BlackFideId "13100050"]
[EventDate "2014.08.02"]

1. Nf3 d5 2. c4 c6 3. g3 Nf6 4. Bg2 g6 5. b3 Bg7 6. Bb2 O-O 7. O-O a5 8. d4 a4
9. cxd5 Nxd5 10. e4 Nb6 11. Qc2 Be6 12. Nbd2 Na6 13. Bc3 Nc7 14. Rad1 Nb5 15.
Bb4 axb3 16. axb3 Qc7 17. Qc5 Nd7 18. Qg5 Nf6 19. Rc1 h6 20. Qxb5 Qxg3 21. hxg3
cxb5 22. Bxe7 Rfe8 23. Bb4 Rac8 24. Ne5 h5 25. d5 Rxc1 26. Rxc1 Bxd5 27. exd5
Rxe5 28. d6 Bf8 29. Bxb7 Re8 30. Rc8 Re1+ 31. Kg2 1-0

[Event "Olimpiade 2014 - Open"]
[Site "Tromsø"]
[Date "06.08.2014"]
[Round "5.39"]
[Board "3"]
[White "Rakotoniaina, Antsiva"]
[Black "Masango, Spencer"]
[Result "0-1"]
[WhiteElo "2014"]
[BlackElo "2155"]
[WhiteTeam "Madagascar"]
[BlackTeam "Zimbabwe"]
[WhiteFideId "13100173"]
[BlackFideId "14300753"]
[EventDate "2014.08.02"]

1. d4 Nf6 2. c4 e6 3. g3 Be7 4. Nc3 O-O 5. Bg2 d5 6. Nf3 dxc4 7. O-O c5 8. e3
cxd4 9. exd4 Nc6 10. Be3 Nd5 11. Qe2 Nxe3 12. fxe3 Bd7 13. Qxc4 Rc8 14. Qe2 Qa5
15. a3 Qh5 16. Rf2 a6 17. Qf1 Rfd8 18. Kh1 Be8 19. Ne2 Bf6 20. Rd1 Na5 21. Nf4
Qb5 22. Nd3 Nc4 23. Re2 Bc6 24. Nb4 Be4 25. Qf2 Qf5 26. h3 e5 27. g4 Qg6 28. Na2
exd4 29. exd4 Bd3 30. Ree1 h6 31. Ne5 Nxe5 32. dxe5 Rc2 33. Qb6 Bh4 34. Qxg6
Bxg6 35. Rxd8+ Bxd8 36. Rd1 Bc7 37. Nb4 Rxb2 38. Nd5 Bc2 39. Re1 Ba5 40. Re2
Rb1+ 41. Kh2 Bd3 42. Re3 Bc4 43. Ne7+ Kf8 44. Nf5 Rb2 45. Kh1 Bd2 46. Rf3 Bd5
47. Rd3 Rb1+ 48. Kh2 Bf4+ 49. Ng3 Be6 50. Be4 Bxe5 51. Kg2 Rb2+ 52. Kg1 Rb3 53.
Rxb3 Bxb3 54. Ne2 b5 55. Kf2 Bb2 56. Bb7 a5 57. Bc6 Ba4 58. Ke3 Bxa3 59. Nc3
Bc5+ 60. Kd3 Bb3 61. Bxb5 Be6 62. Ne4 Bb4 63. Ng3 Bb3 64. Ne2 Be1 65. Nd4 Bd1
66. Nc2 Bf2 67. Bc6 Ke7 68. Kd2 Kd6 69. Bg2 Bxc2 70. Kxc2 Ke5 71. Kb3 Kf4 72.
Ka4 Be1 73. Kb5 f6 74. Ka4 Kg3 75. Bf1 Kf2 76. Bb5 Kg2 77. h4 Kg3 78. Bd7 Kxh4
79. Kb3 h5 80. gxh5 Kxh5 81. Kc2 Kg5 82. Kd1 Bb4 83. Ke2 Kf4 84. Ba4 g5 0-1

[Event "Olimpiade 2014 - Open"]
[Site "Tromsø"]
[Date "06.08.2014"]
[Round "5.40"]
[Board "1"]
[White "Haddouche, Mohamed"]
[Black "Dervishi, Erald"]
[Result "1-0"]
[WhiteTitle "GM"]
[BlackTitle "GM"]
[WhiteElo "2508"]
[BlackElo "2581"]
[WhiteTeam "Algeria"]
[BlackTeam "Albania"]
[WhiteFideId "7900660"]
[BlackFideId "4700236"]
[EventDate "2014.08.02"]

1. e4 e5 2. Nf3 Nc6 3. Bc4 Nf6 4. d3 Be7 5. O-O O-O 6. Re1 d6 7. a4 Kh8 8. a5 a6
9. c3 Ng8 10. d4 f5 11. dxe5 fxe4 12. Rxe4 Bf5 13. Re1 Nxe5 14. Nxe5 dxe5 15.
Qxd8 Raxd8 16. Nd2 e4 17. Nb3 Nf6 18. Bf4 c6 19. h3 Nd5 20. Bg3 Bg6 21. Nd4 Rd7
22. Rad1 Re8 23. Ne6 Bf5 24. Nd4 Bg6 25. Ne6 Bf5 26. Nd4 Bg6 27. Ne6 Bd8 28.
Nxd8 Rexd8 29. Be2 h5 30. Rd4 e3 31. Bf3 exf2+ 32. Bxf2 Nf6 33. Red1 Rxd4 34.
Rxd4 Re8 35. Rb4 Re7 36. Bc5 Rd7 37. Rd4 Rf7 38. Rd8+ Kh7 39. Bd4 Nd7 40. Be2
Re7 41. Kf2 c5 42. Be3 Nf6 43. Bf3 c4 44. Bd4 Ne4+ 45. Kg1 Nd2 46. Bd5 Bd3 47.
Bg8+ Kh6 48. Rd6+ g6 49. Re6 Rd7 50. Re8 Nb3 51. Be3+ Kg7 52. Be6 Rc7 53. Bb6
Rc6 54. Bd5 Rf6 55. Re7+ Kf8 56. Rxb7 Rf5 57. Rd7 g5 58. Bf3 h4 59. Rd5 Rf6 60.
Rxg5 Nd2 61. Bc5+ Ke8 62. Re5+ Kd7 63. Bg4+ Kc6 64. Bf2 Rf8 65. Re6+ Kb5 66.
Rb6+ Kxa5 67. Rb4 Rf6 68. Bxh4 Rf1+ 69. Kh2 Rf8 70. Be7 Rg8 71. Bd6 Rg7 72. Be5
Re7 73. Bd4 1-0